Le lingue più parlate in Europa - Statistics

Statistiche generali
  • Questo quiz è stato fatto 123 volte
  • Il punteggio medio è 9 su 10
Statistiche sulle risposte
Milioni Lingua % Corretto
60 milioni Inglese
99%
65 milioni Italiano
99%
80 milioni Francese
98%
43 milioni Spagnolo
98%
95 milioni Tedesco
98%
119 milioni Russo
97%
36 milioni Polacco
80%
27 milioni Ucraino
79%
78 milioni Turco
68%
22 milioni Olandese
54%
Nessun quiz corrispondente trovato
Distribuzione punteggi
Percentuale di utenti per punteggio
Percentile per numero di risposta
I tuoi punteggi nel tempo
Non hai fatto questo quiz